Mzdová účtovná dokumentácia - spôsob a forma uchovávania
Úprava spôsobu a formy archivácie účtovnej dokumentácie od 1. 1. 2022 na základe účinnosti novely č. 456/2021 Z. z. zákona o účtovníctve. Lehoty na archiváciu účtovných dokladov od roku 2022.
Salvato in:
| Autore principale: | |
|---|---|
| Natura: | Capitolo di libro |
| Lingua: | slovacco |
| Soggetti: | |
| Tags: |
Nessun Tag, puoi essere il primo ad aggiungerne!!
|
MARC
| LEADER | 00000naa a2200000 4500 | ||
|---|---|---|---|
| 001 | 0287644 | ||
| 005 | 20240417075213.6 | ||
| 041 | 0 | |a slo | |
| 044 | |a SK | ||
| 245 | 1 | 0 | |a Mzdová účtovná dokumentácia - spôsob a forma uchovávania |c Iveta Matlovičová |
| 520 | |a Úprava spôsobu a formy archivácie účtovnej dokumentácie od 1. 1. 2022 na základe účinnosti novely č. 456/2021 Z. z. zákona o účtovníctve. Lehoty na archiváciu účtovných dokladov od roku 2022. | ||
| 610 | 2 | 0 | |a dokumentácia účtovná |
| 610 | 2 | 0 | |a mzdy |
| 610 | 2 | 0 | |a odvody |
| 610 | 2 | 0 | |a účtovníctvo |
| 610 | 2 | 0 | |a doklady účtovné |
| 610 | 2 | 0 | |a archivácia |
| 610 | 2 | 0 | |a zákony |
| 610 | 2 | 0 | |a novelizácia |
| 100 | 1 | |a Matlovičová, Iveta | |